|
|
|
|
| LEADER |
00000nam0a2200000 4500 |
| 001 |
19145 |
| 005 |
20231101205243.0 |
| 035 |
|
|
|a (RuTPU)RU\TPU\book\19305
|
| 035 |
|
|
|a BOOK00003993
|
| 090 |
|
|
|a 19145
|
| 100 |
|
|
|a 20011209d1991 km y0rusy50 ca
|
| 101 |
1 |
|
|a rus
|c eng
|
| 102 |
|
|
|a RU
|
| 105 |
|
|
|a y z 000zy
|
| 200 |
1 |
|
|a Голос Безмолвия. Семь Врат. Два Пути
|e пер. с англ.
|f Е. П. Блаватская
|
| 210 |
|
|
|a Новосибирск
|c Сибирское Рериховское о-во
|d 1991
|
| 215 |
|
|
|a 54 с.
|
| 610 |
1 |
|
|a теософия
|
| 610 |
1 |
|
|a Агни-йога
|
| 610 |
1 |
|
|a религиозная философия
|
| 610 |
1 |
|
|a космизм
|
| 610 |
1 |
|
|a Шамбала
|
| 686 |
|
|
|a Э29(5Ид)
|v LBC/SL-A
|2 rubbk
|
| 686 |
|
|
|a Ю7
|v LBC/SL-A
|2 rubbk
|
| 700 |
|
1 |
|a Блаватская
|b Е. П.
|c русская писательница
|c теософ
|f 1831-1891
|g Елена Петровна
|2 stltpush
|3 (RuTPU)RU\TPU\pers\12232
|9 3244
|
| 801 |
|
0 |
|a RU
|b 63413507
|c 20011209
|g PSBO
|
| 801 |
|
2 |
|a RU
|b 63413507
|c 20180206
|g PSBO
|
| 942 |
|
|
|c BK
|